Statistiques concernant Setlist Stray Kids at Lollapalooza Paris

Cliquez ici pour prendre le quiz!

Statistiques générales

  • Ce quiz a été pris 126 fois
  • Le résultat moyen est 12 sur 16

Statistiques - réponses

Réponse% Correct
MANIAC
89%
S-Class
89%
God's Menu
87%
TOPLINE
82%
Thunderous
80%
MIROH
78%
VENOM
75%
Super Bowl
73%
CHEESE
69%
ITEM
69%
My Pace
69%
DOMINO
65%
Haven
65%
HEYDAY
61%
SUPER BOARD
58%
Lonely St.
48%

Distribution des résultats

Percentile par nombre de réponses

% des personnes avec chaque résultat

Votre développement - résultats

Vous n’avez pas pris ce quiz